000 00673nam a2200169 a 4500
001 000031653
005 20200930063059.0
008 110629s1978 dr 000 0 spa d
040 _aDO-SdBNP
_bspa
_cBNPHU
100 1 _aGómez Jorge, Salvador
_957950
245 1 0 _aConceptos generales sobre credito agropecuario y condiciones crediticias institucionales /
_cSalvador Gómez Jorge, Tulio Familia Calcaño, Nelsón Rodríguez Martínez.
260 _aSantiago, República Dominicana :
_bProyecto de Riego Yaque del Norte,
_c1978.
300 _a39 p. ;
_c22 cm.
700 1 _aFamilia Calcaño, Tulio
_957951
700 1 _aRodríguez Martínez, Nelsón
_921553
049 _aBNPD
999 _c31145
_d31145